000 00398nam a2200169Ia 4500
005 20240823010704.0
008 240823s9999||||xx |||||||||||||| ||und||
082 _A361.25 P0
100 _aRao T V
245 0 _aHuman Resources Development
250 _a1st
260 _c2000
_b"Sage,New Delhi"
500 _aYES
650 _aManagement
_bManagement Studies
942 _cBK
999 _c159367
_d159367